| 000 | nam a22 7a 4500 | ||
|---|---|---|---|
| 999 |
_c128314 _d128314 |
||
| 008 | 181005b xxu||||| |||| 00| 0 eng d | ||
| 020 | _a9780552167833 | ||
| 050 | _aZ473. A485 S76 2013 | ||
| 100 |
_aStone Brad _942764 |
||
| 245 |
_aThe everything store _c/by Brad Stone |
||
| 260 |
_aUnited States _bCorgi Books, _c2013. |
||
| 300 |
_a463p.; _c20cm. |
||
| 600 |
_aBezos, Jeffrey _942765 |
||
| 650 |
_aAmazon. com (firm) _942766 |
||
| 650 |
_aInternet bookstores _942767 |
||
| 942 |
_2lcc _cMONOGRAPH |
||